[Event "Saarland-ch B 89th"]
[Site "Stennweiler"]
[Date "2014.04.17"]
[Round "7"]
[White "Heim, Daniel"]
[Black "Penninger, Thomas"]
[Result "0-1"]
[WhiteElo "1391"]
[BlackElo "1262"]
[PlyCount "112"]
[EventDate "2014.04.11"]
[EventType "swiss"]
[EventRounds "9"]
[EventCountry "GER"]
[SourceTitle "EXT 2016"]
[Source "ChessBase"]
[SourceDate "2015.10.08"]
[SourceVersion "1"]
[SourceVersionDate "2015.10.08"]
[SourceQuality "1"]

1. e4 e5 2. Nf3 Nc6 3. Be2 Nf6 4. Nc3 d5 5. exd5 Nxd5 6. Ne4 Nf4 7. Bb5 a6 8. Bxc6+ bxc6 9. 0-0 Bf5 10. Ng3 Bg4 11. h3 Bxf3 12. Qxf3 Qd7 13. d3 Ng6 14. Re1 Bc5 15. Nf5 0-0 16. Qg4 Rad8 17. Rxe5 Bd6 18. Re1 Kh8 19. Ne3 f5 20. Qd1 Rf6 21. Nc4 Re8 22. Nxd6 cxd6 23. Rxe8+ Qxe8 24. Bd2 Qd7 25. Qf3 f4 26. Re1 Ne5 27. Qe4 f3 28. d4 fxg2 29. dxe5 Qxh3 30. f4 Qh1+ 31. Kf2 g1Q+ 32. Rxg1 Qxe4 33. exf6 gxf6 34. c3 Qc2 35. Ke3 Qxb2 36. Kd3 Qxa2 37. c4 Qb3+ 38. Bc3 h5 39. Rh1 Kg7 40. f5 d5 41. Rg1+ Kf7 42. cxd5 Qxd5+ 43. Ke2 Qxf5 44. Rf1 Qb5+ 45. Ke1 Qb1+ 46. Ke2 Qc2+ 47. Bd2 a5 48. Rc1 Qe4+ 49. Kd1 a4 50. Ra1 Qd4 51. Rc1 c5 52. Rc3 h4 53. Kc2 Ke6 54. Be3 Qe4+ 55. Kd2 c4 56. Ra3 h3 0-1

[Event "Saarland-ch B 89th"]
[Site "Stennweiler"]
[Date "2014.04.11"]
[Round "1"]
[White "Seel, Dominik"]
[Black "Penninger, Thomas"]
[Result "0-1"]
[WhiteElo "1002"]
[BlackElo "1262"]
[PlyCount "38"]
[EventDate "2014.04.11"]
[EventType "swiss"]
[EventRounds "9"]
[EventCountry "GER"]
[SourceTitle "EXT 2016"]
[Source "ChessBase"]
[SourceDate "2015.10.08"]
[SourceVersion "1"]
[SourceVersionDate "2015.10.08"]
[SourceQuality "1"]

1. d4 d5 2. c4 e6 3. Nc3 Nf6 4. Bf4 Nbd7 5. cxd5 exd5 6. Nf3 c6 7. e4 dxe4 8. Nxe4 Qa5+ 9. Qd2 Bb4 10. Nc3 0-0 11. Be2 Ne4 12. Qc1 Nxc3 13. bxc3 Bxc3+ 14. Bd2 Bxd2+ 15. Nxd2 Re8 16. Qc4 Nb6 17. Qd3 Bf5 18. Qf3 Rad8 19. Rd1 Rxd4 0-1